Advanced educational psychology / (Record no. 38162)
[ view plain ]
| 000 -LEADER | |
|---|---|
| fixed length control field | 00619nam a2200217 a 4500 |
| 001 - CONTROL NUMBER | |
| control field | 38162 |
| 003 - CONTROL NUMBER IDENTIFIER | |
| rucl marc code | BD-RjUL |
| 005 - DATE AND TIME OF LATEST TRANSACTION | |
| control field | 20211209052735.0 |
| 008 - FIXED-LENGTH DATA ELEMENTS--GENERAL INFORMATION | |
| fixed length control field | 150919s1985 ii ||||| |||| 001 0 eng d |
| 035 ## - SYSTEM CONTROL NUMBER | |
| System control number | (BD-RjUL)38267 |
| 040 ## - CATALOGING SOURCE | |
| Original cataloging agency | BD-RjUL |
| Language of cataloging | eng |
| Transcribing agency | BD-RjUL |
| 041 ## - LANGUAGE CODE | |
| Language code of text/sound track or separate title | eng |
| 082 ## - DEWEY DECIMAL CLASSIFICATION NUMBER | |
| Edition number | 22 |
| Classification number | 370.15 |
| Author mark and year | CHA 1985 |
| 100 ## - MAIN ENTRY--PERSONAL NAME | |
| Personal name | Chauhan, S. S. |
| 9 (RLIN) | 118076 |
| 245 ## - TITLE STATEMENT | |
| Title | Advanced educational psychology / |
| Statement of responsibility, etc. | S. S. Chauhan. |
| 260 ## - PUBLICATION, DISTRIBUTION, ETC. (IMPRINT) | |
| Place of publication, distribution, etc. | New Delhi : |
| Name of publisher, distributor, etc. | Vani Educational Books, |
| Date of publication, distribution, etc. | 1985. |
| 300 ## - PHYSICAL DESCRIPTION | |
| Pagination | xvi, 487 p. : |
| Illustrations | ill.; |
| Size | 22 cm. |
| 500 ## - GENERAL NOTE | |
| General note | Includes index. |
| 650 ## - SUBJECT ADDED ENTRY--TOPICAL TERM | |
| Topical term or geographic name as entry element | Educational psychology |
| 9 (RLIN) | 118078 |
| 942 ## - ADDED ENTRY ELEMENTS (KOHA) | |
| Source of classification or shelving scheme | Dewey Decimal Classification |
| Koha item type | Books |
| Lost status | Source of classification or shelving scheme | Damaged status | Not for loan | Collection code | Permanent Location | Current Location | Shelving location | Date acquired | Source of acquisition | Cost, normal purchase price | Total Checkouts | Total Renewals | Full call number | Date last seen | Date checked out | Copy number | Koha item type |
|---|---|---|---|---|---|---|---|---|---|---|---|---|---|---|---|---|---|
| Dewey Decimal Classification | Non-fiction | Central Library, University of Rajshahi | Central Library, University of Rajshahi | 26/06/1986 | UBSPD Thugh karim int. Dhaka | 55.00 | 8 | 2 | 370.15 CHA 1985 | 24/11/2022 | 13/11/2022 | C-2 | Books | ||||
| Dewey Decimal Classification | Not For Loan | Non-fiction | Central Library, University of Rajshahi | Central Library, University of Rajshahi | Reading Room | 26/06/1986 | Karim int. | 55.00 | 370.15 CHA 1985 | 02/01/2017 | C-1 | Books |